The Beatles - With The Beatles - Statistics

General Stats
  • This quiz has been taken 20 times
  • The average score is 9 of 14
Answer Stats
# Song Name % Correct
1 It Won't Be Long
100%
2 All I've Got to Do
86%
3 All My Loving
86%
4 Don't Bother Me
71%
9 Hold Me TIght
71%
14 Money (That's What I Want)
71%
6 Till There Was You
71%
12 Devil In Her Heart
57%
11 I Wanna Be Your Man
57%
5 Little Child
57%
13 Not a Second Time
57%
8 Roll Over Beethoven
57%
10 You Really Got a Hold on Me
57%
7 Please Mister Postman
43%
No matching quizzes found
Score Distribution
Percent of People with Each Score
Percentile by Number Answered
Your Score History
You have not taken this quiz